Manual de ciencia política (Registro nro. 20501)

Detalles MARC
000 -ENCABEZADO
Número de control [NR] 01699nam a2200385Ia 4500
008 - DE LONGITUD FIJA DE DATOS DE ELEMENTOS - INFORMACIÓN GENERAL
Elementos de longitud fija [NR] 130821s1988 sp gr spa
020 ## - NUMERO INTERNACIONAL NORMALIZADO PARA LIBROS [R]
Número Internacional Normalizado del libro [NR] 8420681253
040 ## - FUENTE DE CATALOGACION [NR]
Agencia de catalogación original [NR] Co-BoUCM
Idioma de catalogación [NR] spa
041 00 - CODIGO DE IDIOMA [R]
Código de idioma para texto/pista de sonido o título separado [R] Español
245 00 - MENCION DE TITULO [NR]
Título [NR] Manual de ciencia política
Mención de responsabilidad, etc. [NR] Stefano Bartolini...[et al.] ; versión española Pilar Chavarri ; M. Luz Morán ; Miguel A. Ruiz ; Compilación de Gianfranco Pasquino.
260 ## - PUBLICACION, DISTRIBUCION, ETC. (PIE DE IMPRENTA) [R]
Lugar de publicación, distribución, etc. [R] Madrid (España)
Nombre del editor, distribuidor, etc. [R] Alianza
Fecha de publicación, distribución, etc. [R] 1988
300 ## - DESCRIPCION FISICA [R]
Extensión [R] 480 páginas
490 ## - MENCION DE SERIE [R]
Mención de serie [R] Alianza universidad textos
505 ## - NOTA DE CONTENIDO CON FORMATO PREESTABLECIDO [R]
State manifest and birth record (1764-1977). Naturaleza y evolución de la disciplina. --
-- Metodología de la investigación política. --
-- Democracias. --
-- Autoritarismos. --
-- Participación política, grupos y movimientos. --
-- Partidos y sistemas de partidos. --
-- Parlamentarios y representación. --
-- Gobiernos. --
-- Burocracias públicas. --
-- Dimensión internacional de los procesos políticos.
650 04 - ASIENTO SECUNDARIO DE MATERIA - TERMINO TEMATICO [R]
Término temático o nombre geográfico como elemento de entrada [NR] Autoritarismo
9 (RLIN) 9835
650 04 - ASIENTO SECUNDARIO DE MATERIA - TERMINO TEMATICO [R]
Término temático o nombre geográfico como elemento de entrada [NR] Burocracia
9 (RLIN) 10249
650 04 - ASIENTO SECUNDARIO DE MATERIA - TERMINO TEMATICO [R]
Término temático o nombre geográfico como elemento de entrada [NR] Ciencia política
9 (RLIN) 340
650 04 - ASIENTO SECUNDARIO DE MATERIA - TERMINO TEMATICO [R]
Término temático o nombre geográfico como elemento de entrada [NR] Democracia
9 (RLIN) 12617
650 04 - ASIENTO SECUNDARIO DE MATERIA - TERMINO TEMATICO [R]
Término temático o nombre geográfico como elemento de entrada [NR] Derecho constitucional
9 (RLIN) 12725
650 04 - ASIENTO SECUNDARIO DE MATERIA - TERMINO TEMATICO [R]
Término temático o nombre geográfico como elemento de entrada [NR] Derecho público
9 (RLIN) 12826
650 04 - ASIENTO SECUNDARIO DE MATERIA - TERMINO TEMATICO [R]
Término temático o nombre geográfico como elemento de entrada [NR] Estado
9 (RLIN) 7594
650 04 - ASIENTO SECUNDARIO DE MATERIA - TERMINO TEMATICO [R]
Término temático o nombre geográfico como elemento de entrada [NR] Investigación jurídica
9 (RLIN) 17999
650 04 - ASIENTO SECUNDARIO DE MATERIA - TERMINO TEMATICO [R]
Término temático o nombre geográfico como elemento de entrada [NR] Participación política
9 (RLIN) 21123
650 04 - ASIENTO SECUNDARIO DE MATERIA - TERMINO TEMATICO [R]
Término temático o nombre geográfico como elemento de entrada [NR] Partidos políticos
9 (RLIN) 7900
650 04 - ASIENTO SECUNDARIO DE MATERIA - TERMINO TEMATICO [R]
Término temático o nombre geográfico como elemento de entrada [NR] Política internacional
9 (RLIN) 21990
650 04 - ASIENTO SECUNDARIO DE MATERIA - TERMINO TEMATICO [R]
Término temático o nombre geográfico como elemento de entrada [NR] Teoría del estado
9 (RLIN) 25310
650 04 - ASIENTO SECUNDARIO DE MATERIA - TERMINO TEMATICO [R]
Término temático o nombre geográfico como elemento de entrada [NR] Teoría política
9 (RLIN) 25330
700 1# - ASIENTO SECUNDARIO - NOMBRE PERSONAL [R]
Nombre personal [NR] Bartolini, Stefano
9 (RLIN) 154329
700 1# - ASIENTO SECUNDARIO - NOMBRE PERSONAL [R]
Nombre personal [NR] Cotta, Maurizio
9 (RLIN) 154330
700 1# - ASIENTO SECUNDARIO - NOMBRE PERSONAL [R]
Nombre personal [NR] Morlino, Leonardo
9 (RLIN) 118351
700 1# - ASIENTO SECUNDARIO - NOMBRE PERSONAL [R]
Nombre personal [NR] Panebianco, Angelo
9 (RLIN) 140838
700 1# - ASIENTO SECUNDARIO - NOMBRE PERSONAL [R]
Nombre personal [NR] Pasquino, Gianfranco
Fechas asociadas con el nombre [NR] 1942-
Término de relación [R]
9 (RLIN) 36090
942 ## - ELEMENTOS DE ENTRADA AGREGADOS (KOHA)
Tipo de ítem principal el descrito en 300a Libro
Tema principal Ciencia política
Edición 1
Parte restante de la signatura top. M15
Sistema de clasificación DEWEY
Clasificación 320
Existencias
Fecha de último préstamo Total préstamos Total Renewals Signatura topográfica Código de barras Última vez visto Volúmen / Fascículo Ejemplar Price effective from Tipo de ítem Perdido Sistema de clasificación Dañado No prestable Tipo de ítem específico Suprimido Ubicación habitual Ubicación actual Localización Fecha de creación Forma de adquisición Costo
23/01/2018 99 9 320 M15 100046585 09/06/2026 1a. Ed. Ej.2 03/02/2013 Libro de reserva   DEWEY     Libro de reserva   Claustro Claustro 3er piso 28/02/2003 Compra 93000.00
25/09/2018 117 23 320 M15 100046598 09/06/2026 1a. Ed. Ej.3 03/02/2013 Libro   DEWEY     Libro   Claustro Claustro 3er piso 28/02/2003 Compra 130600.00
12/08/2024 71 20 320 M15 100050275 09/06/2026 1a. Ed. Ej.4 03/02/2013 Libro   DEWEY     Libro   Claustro Claustro 3er piso 28/02/2005 Compra 144000.00